Total Quality Control
Enregistré dans:
| Auteur principal: | |
|---|---|
| Format: | Livre |
| Langue: | anglais |
| Publié: |
New York
MacGraw-Hill
1991
|
| Édition: | 3. ed., rev. |
| Sujets: | |
| Tags: |
Pas de tags, Soyez le premier à ajouter un tag!
|
MARC
| LEADER | 00000nam a2200000 4500 | ||
|---|---|---|---|
| 001 | c021307 | ||
| 005 | 20221206114957.2 | ||
| 020 | |a 0-07-020354-7 | ||
| 041 | 0 | |a eng | |
| 044 | |a US | ||
| 245 | 1 | 0 | |a Total Quality Control |c Armand Vallin Feigenbaum |
| 250 | |a 3. ed., rev. | ||
| 264 | 1 | |a New York |b MacGraw-Hill |c 1991 | |
| 300 | |a 863 s. | ||
| 610 | 2 | 0 | |a kontrola kvality |
| 610 | 2 | 0 | |a kvalita |
| 610 | 2 | 0 | |a riadenie kvality |
| 610 | 2 | 0 | |a TQM |
| 610 | 2 | 0 | |a TQC |
| 610 | 2 | 0 | |a manažment strategický |
| 610 | 2 | 0 | |a metódy štatistické |
| 100 | 1 | |a Feigenbaum, Armand Vallin | |